000 00561nam a2200133 a 4500
008 100812s2010 ||||||||||||||||| || u
050 _aUN-ECE(02)
110 _aUnited Nations Economic Commission for Europe (UNECE)
245 1 0 _aManual on victimization surveys
260 _aGeneva
_bUnited Nations Economic Commission for Europe (UNECE)
_c2010
300 _ax, 219p. ;ill.
350 _a0.00
995 _D0.00
_FCBU-MAIN LIBRARY (Kitwe)
_H1
_I0.00
_M1
_UAVAILABLE
_WAug 30, 2010
_ZInternational Publications
999 _c50306
_d50306